00928 2200301 4500001002100000005001500021035002500036007000300061008004100064020002200105040001700127082001600144084001400160090001800174090002200192245014100214250001000355260005400365300003100419650003500450700002500485700001400510700002400524850001200548999002200560990002200582990002200604INLIS00000000003363020200522085823 a0010-021800000000356ta180219s2015 yoi  a978-602-386-034-0 aYOPDYOGbind042[22]a371.8 a371.8 KRE aDEP 371.8 KRE aCB-D.11 2015-267700aKreasi dan inovasi mahasiswa UGM 2015 :bmenjulang tinggi dengan prestasi /ceditor, R. Yuswantoro Sidqi, Suharyadi, Peni Purwatiningsih aCet.1 aYogyakarta :bGadjah Mada University Press,c2015 a132 hlm. :bilus. ;c20 cm 4aKegiatan pelajar dan mahasiswa0 aYuswantoro Sidqi, R.0 aSuharyadi0 aPeni Purwatiningsih aYOPDYOG aCB-D.11/2015-2677 aCB-D.11/2015-2677 aCB-D.11/2015-2677